ARRUPE JESUIT UNIVERSITY

CORONAVIRUS -STOP THE SPREAD - CLEAN,DISINFECT,COVER

Making up Numbers : (Record no. 131569)

MARC details
000 -LEADER
fixed length control field 01331cam a22003615i 4500
001 - CONTROL NUMBER
control field 21775639
003 - CONTROL NUMBER IDENTIFIER
control field ARRUPE
005 - DATE AND TIME OF LATEST TRANSACTION
control field 20221125122829.0
006 - FIXED-LENGTH DATA ELEMENTS--ADDITIONAL MATERIAL CHARACTERISTICS--GENERAL INFORMATION
fixed length control field m o d
007 - PHYSICAL DESCRIPTION FIXED FIELD--GENERAL INFORMATION
fixed length control field cr |||||||||||
008 - FIXED-LENGTH DATA ELEMENTS--GENERAL INFORMATION
fixed length control field 201028s2020 enka ob 001 0 eng
010 ## - LIBRARY OF CONGRESS CONTROL NUMBER
LC control number 2019394523
020 ## - INTERNATIONAL STANDARD BOOK NUMBER
International Standard Book Number 9781800640979
Qualifying information (pdf)
020 ## - INTERNATIONAL STANDARD BOOK NUMBER
Cancelled/invalid ISBN 9781800640962
Qualifying information (hbk.)
020 ## - INTERNATIONAL STANDARD BOOK NUMBER
Cancelled/invalid ISBN 9781800640955
Qualifying information (pbk.)
028 ## - PUBLISHER NUMBER
Source Arrupe
040 ## - CATALOGING SOURCE
Original cataloging agency DLC
Language of cataloging eng
Description conventions rda
-- pn
Transcribing agency DLC
042 ## - AUTHENTICATION CODE
Authentication code pcc
050 00 - LIBRARY OF CONGRESS CALL NUMBER
Classification number QA21
300 ## - PHYSICAL DESCRIPTION
Other physical details illustrations (some color)
100 1# - MAIN ENTRY--PERSONAL NAME
Personal name Kopp, P. E.,
Dates associated with a name 1944-
Relator term author.
9 (RLIN) 51968
245 10 - TITLE STATEMENT
Title Making up Numbers :
Remainder of title a history of invention in mathematics /
Statement of responsibility, etc Ekkehard Kopp.
300 ## - PHYSICAL DESCRIPTION
Extent 1 online resource (ix, 267 pages) :
504 ## - BIBLIOGRAPHY, ETC. NOTE
Bibliography, etc Includes bibliographical references (pages 259-260) and index.
650 #0 - SUBJECT ADDED ENTRY--TOPICAL TERM
Topical term or geographic name as entry element Mathematics
General subdivision History.
9 (RLIN) 14019
650 #0 - SUBJECT ADDED ENTRY--TOPICAL TERM
Topical term or geographic name as entry element Inventions
General subdivision Mathematical models.
9 (RLIN) 51969
710 2# - ADDED ENTRY--CORPORATE NAME
Corporate name or jurisdiction name as entry element Open Book Publishers,
Relator term Publisher.
9 (RLIN) 51970
776 08 - ADDITIONAL PHYSICAL FORM ENTRY
Display text Hardback version :
International Standard Book Number 9781800640962
776 08 - ADDITIONAL PHYSICAL FORM ENTRY
Display text Paperback version :
International Standard Book Number 9781800640955
856 40 - ELECTRONIC LOCATION AND ACCESS
Uniform Resource Identifier <a href="https://www.openbookpublishers.com/product/1279">https://www.openbookpublishers.com/product/1279</a>
906 ## - LOCAL DATA ELEMENT F, LDF (RLIN)
a 7
b cbc
c orignew
d 2
e ncip
f 20
g y-gencatlg
942 ## - ADDED ENTRY ELEMENTS (KOHA)
Source of classification or shelving scheme Library of Congress Classification
Koha item type Monograph ( Printed materials)
Holdings
Withdrawn status Lost status Source of classification or shelving scheme Damaged status Not for loan Home library Current library Shelving location Date acquired Total Checkouts Full call number Barcode Date last seen Price effective from Koha item type
    Library of Congress Classification     ARRUPE LIBRARY ARRUPE LIBRARY Main Collection 25/11/2022   QA21 46700000078 25/11/2022 25/11/2022 Monograph ( Printed materials)

 

Arrupe Library. PO Box MP320 Mt Pleasant, Harare, Zimbabwe
263 242 745411|librarian@aju.ac.zw